01051nam a2200205Ia 4500952010900000999001700109008004100126020001500167050001900182100002700201245019700228250001800425260003100443300003500474500006600509505015500575519008300730650002500813942000700838 00104070a11b11d2007-01-08l9m1oND2420 H3718p11 000587r2026-03-23s2026-03-20t1w2012-06-26yLB c68571d68571120626s1995 sp a 000 0 spa d a8486673305 aND2420 bH3718 aHazel, Harrisoneautor aEnciclopedia de técnicas de acuarela b: Guía completa de técnicas para acuarela, gouche y acrílico con orientaciones minuciosamente detalladas para su aplicación c/ Hazel, Harrison a2a. edición aEspañab: Acantoc, 1995 a191 páginasb: ilustraciones aIncluye: Sumario, Indice de ilustraciones, Indice de materias a1. Técnicas 2. Temas El reino animal La arquitectura La figura humana Flores El paisaje Los cielos La naturaleza muerta El agua  aMaterial Complementario/ bDiseño y comunicación visual /d(11 000587)  0aACUARELAxTÉCNICAS cLB